PHARMACEUTICAL INDUSTRIAL MANAGEMENT (Record no. 23045)

MARC details
000 -LEADER
fixed length control field 00348nam a22001577a 4500
003 - CONTROL NUMBER IDENTIFIER
control field SGT
020 ## - INTERNATIONAL STANDARD BOOK NUMBER
International Standard Book Number 9789380316178
082 ## - DEWEY DECIMAL CLASSIFICATION NUMBER
Classification number 615.1
Item number P11K
100 ## - MAIN ENTRY--PERSONAL NAME
Personal name KAR, ASHUTOSH
245 ## - TITLE STATEMENT
Title PHARMACEUTICAL INDUSTRIAL MANAGEMENT
250 ## - EDITION STATEMENT
Edition statement 1ST
260 ## - PUBLICATION, DISTRIBUTION, ETC. (IMPRINT)
Place of publication, distribution, etc NEW DELHI
Name of publisher, distributor, etc AHUJA PUB.
Year of Publication 2011
300 ## - PAGE DESCRIPTION
No. of Pages 242
650 ## - SUBJECT ADDED ENTRY--TOPICAL TERM
Topical term or geographic name as entry element PHARMACY
942 ## - ADDED ENTRY ELEMENTS (KOHA)
Source of classification or shelving scheme Dewey Decimal Classification
Koha item type Books
942 ## - ADDED ENTRY ELEMENTS (KOHA)
-- 4
Holdings
Withdrawn status Lost status Source of classification or shelving scheme Damaged status Not for loan Collection code Home library Current library Shelving location Date acquired Vendor Name Cost, normal purchase price SGTU Bill Number Total Checkouts Full call number Accession No. (Barcode) Date last seen Date last borrowed Bill Date Koha item type Use restrictions
    Dewey Decimal Classification     PHARMACY SGT FA-FP Library SGT FA-FP Library Text Book 21/07/2022 AHUJA PUBLICATION 425.00 SGTU 14705 1 615.1 P11K FP4512 24/03/2023 17/03/2023 30/06/2022 Books  
    Dewey Decimal Classification     PHARMACY SGT FA-FP Library SGT FA-FP Library Text Book 21/07/2022 AHUJA PUBLICATION 425.00 SGTU 14705 1 615.1 P11K FP4513 24/03/2023 17/03/2023 30/06/2022 Books  
    Dewey Decimal Classification     PHARMACY SGT FA-FP Library SGT FA-FP Library Reference Book 21/07/2022 AHUJA PUBLICATION 425.00 SGTU 14705   615.1 P11K FP4514 21/07/2022   30/06/2022 Books Restricted Access
    Dewey Decimal Classification     PHARMACY SGT FA-FP Library SGT FA-FP Library Text Book 21/07/2022 AHUJA PUBLICATION 425.00 SGTU 14705   615.1 P11K FP4515 21/07/2022   30/06/2022 Books  
    Dewey Decimal Classification     PHARMACY SGT FA-FP Library SGT FA-FP Library Text Book 21/07/2022 AHUJA PUBLICATION 425.00 SGTU 14705   615.1 P11K FP4516 21/07/2022   30/06/2022 Books  
    Dewey Decimal Classification     PHARMACY SGT FA-FP Library SGT FA-FP Library Text Book 21/07/2022 AHUJA PUBLICATION 425.00 SGTU 14705 1 615.1 P11K FP4517 24/03/2023 17/03/2023 30/06/2022 Books  
    Dewey Decimal Classification     PHARMACY SGT FA-FP Library SGT FA-FP Library Text Book 21/07/2022 AHUJA PUBLICATION 425.00 SGTU 14705 1 615.1 P11K FP4518 24/03/2023 17/03/2023 30/06/2022 Books